Jak se Josífek s Jožinkou ztratil a nevěděl o tom /

Hlavní autor: Stará, Ester, 1969-
Další autoři: Pošivač, Filip, 1986-
Jazyk: Čeština
Vydáno: Praha : Mladá fronta, 2015
Vydání: První vydání
Témata:
Fyzický popis: 89 stran : ilustrace (převážně barevné) ; 25 cm
Knihy
Uloženo v:
LEADER 01571cam a2200445 i 4500
001 nkc20162770075
003 CZ PrNK
005 20160330123403.0
007 ta
008 151209s2015 xr a b 000 j cze d
015 |a cnb002770075 
020 |a 978-80-204-3826-3  |q (vázáno) 
035 |a (OCoLC)946293773 
040 |a KLG001  |b cze  |d BOA001  |e rda 
072 7 |a 821.162.3-3  |x Česká próza  |2 Konspekt  |9 25 
072 7 |a 821-93  |x Literatura pro děti a mládež (beletrie)  |2 Konspekt  |9 26 
080 |a 821.162.3-32  |2 MRF 
080 |a 821-93  |2 MRF 
080 |a (0:82-32)  |2 MRF 
100 1 |a Stará, Ester,  |d 1969-  |7 mzk2004261153  |4 aut 
245 1 0 |a Jak se Josífek s Jožinkou ztratil a nevěděl o tom /  |c Ester Stará ; ilustroval Filip Pošivač 
250 |a První vydání 
264 1 |a Praha :  |b Mladá fronta,  |c 2015 
300 |a 89 stran :  |b ilustrace (převážně barevné) ;  |c 25 cm 
336 |a text  |b txt  |2 rdacontent 
336 |a statický obraz  |b sti  |2 rdacontent 
337 |a bez média  |b n  |2 rdamedia 
338 |a svazek  |b nc  |2 rdacarrier 
521 8 |a Pro děti od 6 let 
655 7 |a české příběhy  |7 fd133973  |2 czenas 
655 7 |a publikace pro děti  |7 fd133156  |2 czenas 
655 9 |a Czech stories  |2 eczenas 
655 9 |a children's literature  |2 eczenas 
700 1 |a Pošivač, Filip,  |d 1986-  |7 xx0126548  |4 ill 
910 2 |a BOA001  |b 2-1362.157 
920 |a 1052629  |z KLG001 
990 |a BK 
995 |a 01 
991 |b 201602  |c NOV 
996 6 |b 2610660325  |c 2-1362.157  |l MZK  |r Sklad / do 1 hodiny  |n 1  |p p.v.  |w 001545926  |u 000010  |a 1  |e BOA001  |j MZK50  |s P